Twilight moment : Solo exhibition 1999
I borrow materials from nature to convey feelings and emotions in my works, hoping to bring about certain sensations perceived by the viewers themselves through their own feelings and sentimentality.
Αποθηκεύτηκε σε:
| Κύριος συγγραφέας: | |
|---|---|
| Μορφή: | Βιβλίο |
| Γλώσσα: | Undetermined |
| Έκδοση: |
Hà Nội
Mỹ thuật
1999
|
| Θέματα: | |
| Ετικέτες: |
Προσθήκη ετικέτας
Δεν υπάρχουν, Καταχωρήστε ετικέτα πρώτοι!
|
| Thư viện lưu trữ: | Trung tâm Học liệu Trường Đại học Cần Thơ |
|---|
| LEADER | 00746nam a2200205Ia 4500 | ||
|---|---|---|---|
| 001 | CTU_231913 | ||
| 008 | 210402s9999 xx 000 0 und d | ||
| 082 | |a 741.09597 | ||
| 082 | |b Ph431 | ||
| 100 | |a Dao, Hai Phong | ||
| 245 | 0 | |a Twilight moment : | |
| 245 | 0 | |b Solo exhibition 1999 | |
| 245 | 0 | |c Dao Hai Phong | |
| 260 | |a Hà Nội | ||
| 260 | |b Mỹ thuật | ||
| 260 | |c 1999 | ||
| 520 | |a I borrow materials from nature to convey feelings and emotions in my works, hoping to bring about certain sensations perceived by the viewers themselves through their own feelings and sentimentality. | ||
| 650 | |a Tranh vẽ, Việt Nam,Drawing, Vietnamese | ||
| 910 | |b dqhieu | ||
| 980 | |a Trung tâm Học liệu Trường Đại học Cần Thơ | ||